Normal view
MARC view
- Dinh, Tuan Vo
Entry Personal Name
001 - CONTROL NUMBER
- control field: 68889
003 - CONTROL NUMBER IDENTIFIER
- control field: NUST
005 - DATE AND TIME OF LATEST TRANSACTION
- control field: 20210628204133.0
008 - FIXED-LENGTH DATA ELEMENTS
- fixed length control field: 210628|| aca||aabn | a|a d
040 ## - CATALOGING SOURCE
- Original cataloging agency: NUST
- Transcribing agency: NUST
100 ## - HEADING--PERSONAL NAME
- Personal name: Dinh, Tuan Vo
670 ## - SOURCE DATA FOUND
- Source citation: Work cat.: (NUST): Dinh, Tuan Vo, Nanotechnology in biology and medicine, methods, devices, and applications, 2007
